02873nam a22002417a 4500003000900000005001700009007000300026008004100029020001800070040002600088245028500114246011600399260004000515300003700555500009700592500007300689504003200762505160700794700004802401700006002449700006102509700006102570DO-SdBNP20211122090845.0ta211122b2019 dr ac||| |||| 00| 0 spa d a9789945614459 aDO-SdBNPbspacBNPHU 00a4 días de abril y las notas del teniente coronel constitucionalista Vinicio Antonio Fernández Pérez /ccoordinador ; Osvaldo A. Fernández Domínguez ; colaboradores Kirshe M. Fernández Domínguez, Vinicio A. Fernández Domínguez, Roberto A. Fernández Domínguez.00aCuatro días de abril y las notas del teniente coronel constitucionalista Vinicio Antonio Fernández Pérez. aSanto Domingo :bSantuario, c2019. a402 p. :bil., retrs. ;c23 cm.  aIncluye datos biográficos del coordinador y los colaboradores en la solapa de la cubierta aIncluye referencias bibliográficas y notas al pie de las páginas aBibliografía : p. 339-3450 aDedicatoria, 11.-- Agradecimiento, 13.-- Prólogo, 15.-- Primera parte. Los antecedentes, 25.-- La República Dominicana dentro del marco político latinoamericano, 47.-- La Guerra Fría, su impacto en América Latina y los militares dominicanos, 53.-- Los Estados Unidos, el comunismo y el declive de Trujillo, 61.-- Un mundo cambiante: final de la dictadura de Trujillo, 67.-- Las Fuerzas Armadas dominicanas tras la caída de Trujillo, 79.-- De la dictadura a la democracia, 87.-- Segunda parte. Los siete meses del gobierno de Juan Bosch, 103.-- El golpe de Estado a Juan Bosch, 153.-- ¿Por qué no se ejecutó el contragolpe?, 167.-- El Triunvirato, 175.-- El nuevo embajador norteamericano en la República Dominicana: William Tapley Bennett, 189.-- Corrupción en las Fuerzas Armadas y esfuerzos civiles contra el Triunvirato, 193.-- Preludio a la Revolución (1963 hasta abril de 1965), 205.-- 1965: 4 días de revolución, 223.-- La vuelta a la constitucionalidad: ¿Junta Militar o guerra fraticida?, 263.-- El Dr. José Rafael Molina Ureña asume la presidencia, 269.-- Epílogo: el conflicto armado y el coronel constitucionalista Vinicio Antonio Fernández Pérez, 335.-- Bibliografía, 339.-- Anexos, 347.-- Anexo 1. Relación de los principales oficiales constitucionalistas del Ejército Nacional de las primeras horas, 349.-- Anexo 2. La muerte de un guerrero: Ilio Capozzi. Testimonio del general (r) Iván Fernández, 351.-- Anexo 3. El período de la posguerra, 355.-- Anexo 4. Rol de los Estados Unidos en la Revolución de Abril de 1965, 363.-- Glosario.1 aFernández Domínguez, Osvaldo A.,d1963-1 aFernández Domínguez, Kirshe M.,d1950-ecolaborador1 aFernández Domínguez, Vinicio A.,d1951-ecolaborador1 aFernández Domínguez, Roberto A.,d1956-ecolaborador